[Event "Manila ol (Women)"]
[Site "Manila"]
[Date "1992.??.??"]
[Round "?"]
[White "Madl, Ildiko"]
[Black "Gokhale, Anupama"]
[Result "1-0"]
[WhiteElo "2375"]
[BlackElo "2200"]

1.e4 g6 2.d4 Bg7 3.Nc3 d6 4.Be3 c6 5.Qd2 Nd7 6.Nf3 b5 7.Bd3 Ngf6 8.h3 a6
9.O-O O-O 10.Rfe1 Bb7 11.e5 Ne8 12.Bh6 dxe5 13.Bxg7 Nxg7 14.dxe5 c5 15.Be4 Bxe4
16.Nxe4 Qc7 17.Ng3 Rfd8 18.Qh6 Nf8 19.Re4 Rd5 20.Rh4 Rad8 21.Kh2 Qd7 22.Ng5 Nf5
23.Nxf5 Qxf5 24.f4 f6 25.Nxh7 g5 26.Nxf8 gxh4 27.Ng6 R5d7 28.Qh8+ Kf7 29.Qh7+ Ke6
30.Re1 Re8 31.Qh6 Kd5 32.exf6 Qxf6 33.Rd1+ Ke6  1-0

[Event "Manila ol (Women)"]
[Site "Manila"]
[Date "1992.??.??"]
[Round "?"]
[White "Koen, Maja"]
[Black "Segal, Anna"]
[Result "1-0"]
[WhiteElo "2225"]
[BlackElo "2190"]

1.d4 g6 2.e4 Bg7 3.Nc3 d6 4.Bg5 c6 5.Qd2 h6 6.Be3 Nf6 7.f3 Nbd7 8.Nh3 Nb6
9.Nf2 Bd7 10.Be2 Qc7 11.O-O h5 12.a4 a5 13.Rae1 O-O 14.f4 Ng4 15.Nxg4 Bxg4
16.f5 Bxe2 17.Qxe2 c5 18.Nb5 Qc8 19.dxc5 dxc5 20.b3 Qc6 21.Bg5 Rae8 22.Rd1 c4
23.Na7 Qc7 24.Qe3 Nd7 25.Nb5 Qc6 26.Nd4 Qb6 27.Bh6 e5 28.fxe6 Bxh6 29.Qxh6 Rxe6
30.Kh1 Rxe4 31.Nf3 Nf6 32.Ng5 Rd4 33.Rde1 Rfd8 34.Ne6 Ne8 35.Qf8+  1-0

[Event "Manila ol (Women)"]
[Site "Manila"]
[Date "1992.??.??"]
[Round "?"]
[White "Fischdick, Gisela"]
[Black "Gokhale, Anupama"]
[Result "1/2-1/2"]
[WhiteElo "2270"]
[BlackElo "2200"]

1.d4 g6 2.e4 Bg7 3.Nc3 d6 4.Be3 Nf6 5.f3 Nbd7 6.Qd2 c6 7.Nge2 b5 8.g4 Nb6
9.Ng3 Nfd7 10.Bh6 Bxh6 11.Qxh6 e5 12.Qg7 Qf6 13.Qxf6 Nxf6 14.O-O-O Ke7 15.h4 h5
16.g5 Nfd7 17.Be2 Nf8 18.Rd2 b4 19.Nd1 Ne6 20.dxe5 dxe5 21.Ne3 Nd4 22.Rf1 Bh3
23.Rf2 Ne6 24.Ba6 Rad8 25.Bf1 Bxf1 26.Ngxf1 a5 27.Rxd8 Rxd8 28.Nd2 a4 29.Ndc4 Nxc4
30.Nxc4 f6 31.gxf6+ Kxf6 32.a3 bxa3 33.bxa3 Rd4 34.Na5 c5 35.Nc6 Rd6 36.Na5  1/2-1/2

[Event "Manila ol (Women)"]
[Site "Manila"]
[Date "1992.??.??"]
[Round "?"]
[White "Erenska Radzewska, Hanna"]
[Black "Sabirova, Sophia"]
[Result "0-1"]
[WhiteElo "2275"]
[BlackElo "2075"]

1.e4 d6 2.d4 g6 3.Nc3 Bg7 4.Be3 Nf6 5.h3 O-O 6.Nf3 c6 7.a4 a5 8.Bc4 d5 9.Bd3 Na6
10.exd5 cxd5 11.O-O Nb4 12.Bb5 Bf5 13.Rc1 Rc8 14.Ne5 Ne4 15.Nxe4 dxe4 16.c3 Bxe5
17.cxb4 Rxc1 18.Qxc1 Bxd4 19.Bh6 axb4 20.Bxf8 Kxf8 21.Qd2 Qd6 22.Re1 Kg7
23.Kf1 Qf6 24.Qxb4 Bxh3 25.Re2 Bg4 26.Rd2 e5 27.Kg1 e3 28.Rxd4 exf2+ 29.Kf1 exd4
30.Qd2 h5 31.b4 h4 32.Qxf2 Qxf2+ 33.Kxf2 Kf6 34.a5 Ke5 35.Be8 Be6 36.b5 Kd6
37.b6 g5 38.Bb5 Bd5 39.Bd3 Kc5 40.Bf1 Bc6 41.g3 hxg3+ 42.Kxg3 f5 43.Bd3 Be4
44.a6 Kxb6 45.axb7 Kxb7  0-1

[Event "Manila ol (Women)"]
[Site "Manila"]
[Date "1992.??.??"]
[Round "?"]
[White "Cosma, Elena Luminita"]
[Black "Gurieli, Nino"]
[Result "0-1"]
[WhiteElo "2250"]
[BlackElo "2375"]

1.e4 g6 2.d4 Bg7 3.Nc3 d6 4.f4 Nf6 5.Nf3 O-O 6.Bd3 Na6 7.a3 c5 8.d5 Nc7 9.a4 e6
10.dxe6 fxe6 11.e5 Nfd5 12.exd6 Qxd6 13.Ne4 Qe7 14.g3 c4 15.Bxc4 Qb4+ 16.Nfd2 Ne3
17.c3 Qe7 18.Qb3 b5 19.axb5 Bb7 20.Ke2 Nxc4 21.Qxc4 Bd5 22.Qd3 e5 23.b3 Qe6
24.Rf1 exf4 25.gxf4 Nxb5 26.Qxb5 Bxe4 27.Nxe4 Qxe4+ 28.Be3 Bxc3 29.Rac1 Rac8
30.Rf3 Rfd8 31.Kf2 Rd3 32.Qa6 Rc7 33.Qa4 Qd5 34.Qe8+ Kg7 35.Qa4 Re7 36.Rc2 Qf5
37.Re2 Qf6 38.Kg2 h5 39.Rg3 Bd4  0-1

[Event "Manila ol (Men)"]
[Site "Manila"]
[Date "1992.??.??"]
[Round "?"]
[White "Wittmann, Walter"]
[Black "Ehlvest, Jaan"]
[Result "1/2-1/2"]
[WhiteElo "2380"]
[BlackElo "2615"]

1.e4 g6 2.d4 d6 3.Nc3 Bg7 4.f4 Nf6 5.Nf3 O-O 6.e5 Nfd7 7.Bc4 c5 8.e6 Nb6
9.exf7+ Kh8 10.Be2 cxd4 11.Nxd4 Nc6 12.Be3 Rxf7 13.O-O Bd7 14.Qd2 Rc8 15.Ne4 Qg8
16.Ng5 Rff8 17.Nxc6 bxc6 18.c3 c5 19.b3 Qd5 20.Qe1 h6 21.Rd1 Qf5 22.Bd3 Qf6
23.Ne4 Qf7 24.c4 Bf5 25.Ng3 Bxd3 26.Rxd3 Nd7 27.Qe2 Qe6 28.Rdd1 Rf7 29.h3 Rcf8
30.Qd3 Rf6 31.Ne4  1/2-1/2

[Event "Manila ol (Men)"]
[Site "Manila"]
[Date "1992.??.??"]
[Round "?"]
[White "Mossong, Hubert"]
[Black "Hifny, Maher"]
[Result "1-0"]
[WhiteElo "2265"]
[BlackElo "2360"]

1.e4 d6 2.d4 g6 3.Nc3 Bg7 4.Be3 Nf6 5.Nf3 O-O 6.h3 c6 7.Bd3 b5 8.Ne2 Bb7
9.Ng3 Nbd7 10.c3 e5 11.O-O Re8 12.Re1 a6 13.Qd2 c5 14.d5 c4 15.Bc2 Nc5 16.Nh2 Nfd7
17.Ng4 h5 18.Nh6+ Kf8 19.Bg5 f6 20.Be3 h4 21.Ngf5 gxf5 22.Nxf5 Re7 23.Nxd6 Kg8
24.b4 cxb3 25.axb3 Bc8 26.Nf5 Rf7 27.b4 Nb7 28.Bb3 Nf8 29.d6 Be6 30.Bxe6 Nxe6
31.Qd5 Qd7 32.Red1 Bf8 33.f3 Kh7 34.Bf2 Nf4 35.Qd2 Rg7 36.Nxg7 Qxg7 37.Be3 Bxd6
38.Bxf4 exf4 39.Qf2 Qg3 40.Qb6 Rg8 41.Qxb7+ Rg7 42.Qxg7+ Qxg7 43.Rxd6 Qc7
44.Rxf6 Qxc3 45.Rfxa6 Qxb4 46.Rd1 Qc5+ 47.Kh2 Qc8 48.Rb6 Qe8 49.Rb1 Qd8 50.R6xb5 Kg6
51.Rd5 Qc7 52.Rbb5 Qe7 53.Rg5+ Kh6 54.Rbf5  1-0

[Event "Manila ol (Men)"]
[Site "Manila"]
[Date "1992.??.??"]
[Round "?"]
[White "Navarro, Roberto"]
[Black "Bern, Ivar"]
[Result "1-0"]
[WhiteElo "2310"]
[BlackElo "2395"]

1.e4 g6 2.d4 Bg7 3.Nc3 d6 4.Bc4 a6 5.Qf3 e6 6.Nge2 Nc6 7.Be3 b5 8.Bb3 Nge7
9.Rd1 b4 10.Nb1 a5 11.h4 h5 12.Bg5 O-O 13.Bf6 a4 14.Bc4 e5 15.Bxg7 Kxg7 16.d5 Na5
17.Bd3 c6 18.dxc6 Be6 19.b3 axb3 20.axb3 Naxc6 21.Qe3 d5 22.O-O d4 23.Qg3 f5
24.f4 fxe4 25.Bxe4 Bg4 26.Rde1 Qb6 27.Qd3 Bxe2 28.Rxe2 exf4 29.Bxc6 Nxc6
30.Re6 Rf6 31.Rxf6 Kxf6 32.Rxf4+ Kg7 33.Nd2 Rd8 34.Nf3 Rd7 35.Kh1 Qa7 36.Ng5 Qa1+
37.Kh2 Qc3 38.Ne6+ Kh6 39.Qb5 Re7 40.Qg5+ Kh7 41.Nf8+ Kg8 42.Nxg6  1-0

[Event "Manila ol (Men)"]
[Site "Manila"]
[Date "1992.??.??"]
[Round "?"]
[White "Lim Hoon Cheng"]
[Black "Majeed, A."]
[Result "1/2-1/2"]
[WhiteElo "2325"]
[BlackElo "2240"]

1.e4 g6 2.d4 Bg7 3.Nc3 d6 4.f4 Nf6 5.Nf3 O-O 6.Bd3 Nbd7 7.e5 Ne8 8.Ne4 c5
9.c3 cxd4 10.cxd4 Qb6 11.Qe2 Nc7 12.Nc3 dxe5 13.fxe5 f6 14.Bc4+ e6 15.Be3 fxe5
16.dxe5 Qa5 17.O-O Nxe5 18.Nxe5 Qxe5 19.Rxf8+ Bxf8 20.Rd1 b5 21.Bd4 Qxe2
22.Bxe2 Bb7 23.Be5 b4 24.Bxc7 bxc3 25.bxc3 Rc8 26.Be5 Rc5 27.Bd4 Rg5 28.g3 Ra5
29.Bc4 Bd5 30.Bb3  1/2-1/2

[Event "Manila ol (Men)"]
[Site "Manila"]
[Date "1992.??.??"]
[Round "?"]
[White "Westerinen, Heikki MJ"]
[Black "McNab, Colin Anderson"]
[Result "1/2-1/2"]
[WhiteElo "2430"]
[BlackElo "2475"]

1.e4 g6 2.d4 d6 3.Nc3 Bg7 4.f4 Nc6 5.Be3 Nf6 6.Nf3 O-O 7.e5 Ng4 8.Bg1 a6
9.h3 Nh6 10.g4 b5 11.Bg2 Bb7 12.Be3 Na5 13.b3 c5 14.Ne2 cxd4 15.Nexd4 Nc6
16.O-O Nxd4 17.Bxd4 dxe5 18.Bxe5 Bxe5 19.Qxd8 Rfxd8 20.Nxe5 Bxg2 21.Kxg2 Rd2+
22.Rf2 Rxf2+ 23.Kxf2 Rc8 24.c4 f6 25.Nd7 bxc4 26.Nb6 Rc6 27.Nxc4 Nf7 28.Rd1 Kf8
29.Rd7 Ke8 30.Ra7 Nd6 31.Nxd6+ Rxd6 32.Ke3 Kf7 33.Ke4 Re6+ 34.Kd3 f5 35.gxf5 gxf5
36.a4 Rh6 37.Kc4 Rh4 38.Rxa6 Rxf4+ 39.Kc5 Rh4 40.b4 f4 41.Kd4 Rxh3 42.Ke4 Rb3
43.Kxf4 Rxb4+ 44.Kg5 Re4 45.Kf5 Rh4 46.Kg5 Rh1 47.Rb6 Ra1 48.Ra6 Rg1+ 49.Kf4 h5
50.Ra8 h4 51.a5 Ra1 52.Kg4 Ra4+ 53.Kh3 Ke6 54.Rh8 Rxa5 55.Kxh4 Ra3 56.Rh5 Kd6
57.Kg4 e5 58.Rh1 Kd5 59.Rb1 Rd3 60.Rb5+ Ke4 61.Rb4+ Rd4 62.Rb1 Ke3+ 63.Kg3 Ke2
64.Ra1 Rd3+ 65.Kg2 e4 66.Ra4 e3 67.Ra1 Rd8 68.Ra2+ Rd2 69.Ra8 Rd3 70.Ra1 Rd1
71.Ra2+ Rd2 72.Ra8 Rc2 73.Ra7 Rc3 74.Ra1 Rd3 75.Kg3 Rd1 76.Ra2+ Rd2 77.Ra1 Rd3
78.Kg2  1/2-1/2

[Event "Manila ol (Men)"]
[Site "Manila"]
[Date "1992.??.??"]
[Round "?"]
[White "Annageldiev, Orazly"]
[Black "Donguines, Fernie"]
[Result "1-0"]
[WhiteElo "2420"]
[BlackElo "2435"]

1.e4 g6 2.d4 Bg7 3.Nc3 d6 4.Bg5 c6 5.Qd2 Nd7 6.f4 b5 7.Nf3 Bb7 8.Bd3 Qb6
9.e5 f6 10.exf6 exf6 11.Bh4 O-O-O 12.O-O Bh6 13.Kh1 a6 14.a4 b4 15.Ne4 c5
16.a5 Qc7 17.d5 Kb8 18.Bc4 Re8 19.Rfe1 Ne5 20.Nxe5 fxe5 21.Bg5 Bg7 22.fxe5 Bxe5
23.c3 h6 24.Bh4 g5 25.Bf2 Qf7 26.Nxc5 Nf6 27.Nxb7 Ng4 28.Rf1 Kxb7 29.Bxa6+ Ka8
30.Bg1 Nf6 31.Bb5 Re7 32.Bc6+ Kb8 33.a6 Qh5 34.a7+ Rxa7 35.Rxa7 Ne4 36.Qe3 Ng3+
37.Qxg3 Bxg3 38.Rb7+ Kc8 39.Ra1  1-0

[Event "Manila ol (Men)"]
[Site "Manila"]
[Date "1992.??.??"]
[Round "?"]
[White "Wang Zili"]
[Black "Sznapik, Aleksander"]
[Result "0-1"]
[WhiteElo "2495"]
[BlackElo "2460"]

1.e4 g6 2.d4 Bg7 3.Nc3 d6 4.f4 a6 5.Nf3 b5 6.Bd3 Bb7 7.O-O Nd7 8.e5 c5 9.exd6 cxd4
10.Ne4 Qb6 11.Qe2 e6 12.a4 b4 13.a5 Qc6 14.Bd2 Ngf6 15.Nxf6+ Nxf6 16.Ne5 Qxd6
17.Nc4 Qc5 18.Qe5 Bd5 19.Nd6+ Kf8 20.Nb7 Qe7 21.f5 gxf5 22.Nd6 Ng4 23.Qg3 Be5
24.Bh6+ Nxh6 25.Qxe5 Rg8 26.g3 Ng4 27.Qf4 Ne3 28.Rf2 Rg4 29.Qh6+ Kg8 30.Be2 Qxd6
31.Bxg4 Nxg4 32.Qg5+ Kh8 33.Rf4 Rg8 34.Qh4 Rg6 35.Rxd4 Rh6 36.Qg5 Qxg3+  0-1

[Event "Manila ol (Men)"]
[Site "Manila"]
[Date "1992.??.??"]
[Round "?"]
[White "Timman, Jan H"]
[Black "Azmaiparashvili, Zurab"]
[Result "1/2-1/2"]
[WhiteElo "2620"]
[BlackElo "2610"]

1.d4 d6 2.e4 g6 3.Nc3 Bg7 4.Be3 a6 5.Qd2 b5 6.f3 Nd7 7.Nh3 c5 8.Be2 cxd4
9.Bxd4 Ngf6 10.O-O O-O 11.Rad1 Bb7 12.a3 Rc8  1/2-1/2

[Event "Manila ol (Men)"]
[Site "Manila"]
[Date "1992.??.??"]
[Round "?"]
[White "Adianto, Utut"]
[Black "Kakageldyev, Amanmurad"]
[Result "0-1"]
[WhiteElo "2485"]
[BlackElo "2350"]

1.d4 g6 2.e4 Bg7 3.Nc3 d6 4.Nf3 c6 5.a4 Nf6 6.Be2 O-O 7.O-O Nbd7 8.a5 Qc7
9.h3 e5 10.dxe5 dxe5 11.Be3 Re8 12.Qd2 Bf8 13.Ng5 h6 14.Nf3 Kh7 15.Nh2 Nc5
16.Bd3 Be6 17.f4 Rad8 18.f5 gxf5 19.exf5 Bc4 20.Qf2 Nxd3 21.cxd3 Rxd3 22.Qh4 Rxe3
23.Qxc4 e4 24.Rad1 Kg8 25.Kh1 Qe5 26.a6 Bd6 27.Rxd6 Qxd6 28.axb7 Rb8 29.Rd1 Rxc3  0-1

[Event "Manila ol (Men)"]
[Site "Manila"]
[Date "1992.??.??"]
[Round "?"]
[White "Richmond, Peter"]
[Black "D'Amore, Carlo"]
[Result "0-1"]
[WhiteElo "2220"]
[BlackElo "2405"]

1.e4 g6 2.d4 Bg7 3.Nc3 d6 4.f4 Nc6 5.Be3 Nf6 6.Nf3 e6 7.Bd3 O-O 8.Qd2 b6
9.O-O-O Nb4 10.Be2 Bb7 11.f5 exf5 12.exf5 Re8 13.fxg6 hxg6 14.Bg5 Qd7 15.Rhf1 Qe6
16.d5 Nfxd5 17.Nxd5 Bxd5 18.Rde1 Nxa2+ 19.Kb1 Be4 20.Bb5 Nc3+ 21.bxc3 Qb3+
22.Kc1 Qxb5 23.Nd4 Qa5 24.Qf4 f5 25.Re3 Qa2 26.Qf2 Re5 27.Kd2 Rae8 28.Rfe1 c5  0-1

[Event "Manila ol (Men)"]
[Site "Manila"]
[Date "1992.??.??"]
[Round "?"]
[White "Santana, Orlando"]
[Black "Tseleng, Emmanuel"]
[Result "1/2-1/2"]
[WhiteElo "2260"]
[BlackElo "2205"]

1.e4 d6 2.d4 g6 3.Nc3 Bg7 4.Be3 a6 5.a4 b6 6.Bc4 Bb7 7.Nf3 e6 8.O-O Ne7 9.Qd2 O-O
10.Bh6 d5 11.Bxg7 Kxg7 12.Bd3 dxe4 13.Nxe4 Nf5 14.c3 Nd7 15.Qf4 Rc8 16.Rad1 Qe7
17.Rfe1 Nd6 18.Nfg5 h6 19.Nxd6 Qxd6 20.Qxd6 cxd6 21.Ne4 Bxe4 22.Rxe4 d5 23.Re3 a5
24.f3 Rc7 25.Kf2 Nf6 26.Ra1 Ne8 27.Ree1 Nd6 28.Ra3 Kf6 29.Rb3 Rb8 30.Ke2 Re7
31.f4 Ree8 32.Kf3 Rg8 33.Re5 g5 34.g3 Ke7 35.f5 Kf6 36.fxe6 fxe6 37.Ra3 Rbf8
38.Ra1 Ke7+ 39.Kg2 Rf6 40.Rae1 Kd7 41.R1e2 Rc8 42.R5e3 Rb8 43.Rf3 Rxf3 44.Kxf3 h5
45.Re5 Nf7 46.Bb5+ Ke7 47.Re2 Nd6 48.Bd3 Kf6 49.Rf2 b5 50.Ke3+ Nf5+ 51.Kd2 bxa4
52.Kc2 g4 53.Rf1 Kg5 54.Bxf5 exf5 55.Re1 h4 56.Re5 hxg3 57.hxg3 Rh8 58.Rxd5 Rh3
59.c4 Rxg3 60.c5 Re3 61.c6 Re8 62.Rd7 Kf6 63.Rd6+ Kf7 64.Rd7+ Kf6 65.Rd6+  1/2-1/2

[Event "Manila ol (Men)"]
[Site "Manila"]
[Date "1992.??.??"]
[Round "?"]
[White "Sepp, Olav"]
[Black "Sznapik, Aleksander"]
[Result "1/2-1/2"]
[WhiteElo "2335"]
[BlackElo "2460"]

1.e4 g6 2.d4 Bg7 3.Nc3 d6 4.Nge2 a6 5.g3 b5 6.Bg2 Bb7 7.O-O Nd7 8.Be3 e5
9.dxe5 dxe5 10.a4 bxa4 11.Nxa4 Ngf6 12.Nec3 O-O 13.Nc5 Nxc5 14.Bxc5 Re8 15.Qe2 Qb8
16.Rfd1 h5 17.f3 Bc8 18.b3 Nd7 19.Be3 Nf8 20.Nd5 Ne6 21.Qc4 Bd7 22.Nxc7 Bb5
23.Nxb5 Rc8 24.Qd5 axb5 25.Rxa8 Qxa8 26.Qxa8 Rxa8 27.Bf1 b4 28.Rd7 Ra1 29.Kf2 Ra2
30.Bd3 h4 31.Kg2 Bf6 32.Rb7 Bg5 33.Bxg5 Nxg5 34.gxh4 Ne6 35.Rxb4 Nf4+ 36.Kg3 Ra1
37.Ra4 Rd1 38.h5 gxh5 39.Bc4 Rd2 40.Ra7 Rg2+ 41.Kh4 Ng6+ 42.Kxh5 Nf4+ 43.Kh4 Ng6+
44.Kh5 Nf4+ 45.Kh4 Ng6+  1/2-1/2

[Event "Mesa op"]
[Site "Mesa"]
[Date "1992.??.??"]
[Round "?"]
[White "Vaisser, Anatoli"]
[Black "Todorcevic, Miodrag"]
[Result "1-0"]
[WhiteElo "2580"]
[BlackElo "2470"]

1.d4 g6 2.e4 Bg7 3.Nc3 d6 4.f4 Nf6 5.Nf3 O-O 6.Be2 c5 7.dxc5 Qa5 8.O-O Qxc5+
9.Kh1 Nc6 10.Bd3 Bg4 11.Qe1 Bxf3 12.Rxf3 Nb4 13.Be3 Nxd3 14.cxd3 Qa5 15.f5 Rfc8
16.a3 Ng4 17.Bd2 Qe5 18.Qh4 h5 19.Bf4 Qd4 20.Raf1 Bf6 21.Bg5 Bxg5 22.Qxg5 Qf6
23.Qd2 Qe5 24.g3 Qa5 25.d4 Rf8 26.h3 Nf6 27.Qh6 g5 28.b4 Qc7 29.Nd5 Nxd5
30.Qxg5+ Kh7 31.Qxh5+ Kg7 32.Qg5+ Kh7  1-0

[Event "Mesa op"]
[Site "Mesa"]
[Date "1992.??.??"]
[Round "?"]
[White "Antunes, Antonio"]
[Black "Morales, Julian"]
[Result "1-0"]
[WhiteElo "2465"]
[BlackElo "2245"]

1.e4 d6 2.d4 g6 3.Nc3 Bg7 4.Be3 a6 5.a4 Nf6 6.Be2 Nc6 7.h3 O-O 8.Nf3 e5 9.dxe5 dxe5
10.O-O Qe7 11.Qc1 Be6 12.Rd1 Rad8 13.Rxd8 Rxd8 14.Bf1 Qb4 15.Nd2 Nd4 16.Ncb1 Qf8
17.c3 Nc6 18.Bg5 h6 19.Be3 Nh5 20.Na3 Nf4 21.Qc2 g5 22.Kh2 Qe7 23.g3 Ng6
24.Bc4 Bc8 25.Nf1 Qd7 26.g4 Nf4 27.Ng3 Ne7 28.Re1 Neg6 29.Nf5 Qe8 30.Rd1 Bxf5
31.gxf5 Nh4 32.Rxd8 Qxd8 33.Be2 Qd7 34.Nb1 Qc6 35.Bd1 Bf8 36.Nd2 Nfg2 37.Qd3 Qd6
38.Qxd6 Bxd6 39.Kg3 Nxe3 40.fxe3 a5 41.Nc4 b6 42.b4 Kf8 43.bxa5 bxa5 44.Nxa5 Ke7
45.Bb3  1-0

[Event "Mlada Boleslav op"]
[Site "Mlada Boleslav"]
[Date "1992.??.??"]
[Round "3"]
[White "Horak, Michal"]
[Black "Berezovics, Alexander"]
[Result "1-0"]
[WhiteElo "2300"]
[BlackElo "2440"]

1.e4 d6 2.d4 g6 3.Nc3 Bg7 4.Bc4 Nf6 5.Qe2 Nc6 6.e5 Nd7 7.Nf3 Nb6 8.Bb3 O-O
9.Bg5 h6 10.Qe4 d5 11.Qh4 hxg5 12.Nxg5 Re8 13.Nce4 Nxd4 14.Qh7+ Kf8 15.Nxf7 Qd7
16.Nh6 Qe6 17.Ng5 Qxe5+ 18.Kf1 Qe2+ 19.Kg1 e6 20.Qg8+ Ke7 21.Qxg7+ Kd6 22.Qxd4 e5
23.Qd3 Qxd3 24.cxd3 a5 25.a4 c5 26.h4 c4 27.dxc4 dxc4 28.Bc2 Kc5 29.Bxg6 Rd8
30.Nhf7 Rd2 31.h5 Rxb2 32.h6 Bd7 33.h7 Nxa4 34.Nxe5 Bb5 35.Ne4+ Kb4 36.h8=Q Rxh8
37.Rxh8  1-0

[Event "Mlada Boleslav op"]
[Site "Mlada Boleslav"]
[Date "1992.??.??"]
[Round "9"]
[White "Suchorukow, Andrei"]
[Black "Berezovics, Alexander"]
[Result "1-0"]
[WhiteElo "2300"]
[BlackElo "2440"]

1.e4 d6 2.d4 g6 3.Nc3 Bg7 4.f4 c6 5.Nf3 Bg4 6.Be3 Qb6 7.Qd2 Bxf3 8.gxf3 Nd7
9.O-O-O Qa5 10.f5 Ngf6 11.Rg1 O-O-O 12.Kb1 Kb8 13.f4 Bh6 14.Qf2 gxf5 15.Qh4 Bf8
16.e5 Ne4 17.Nxe4 fxe4 18.Bh3 Nb6 19.e6 Nd5 20.Bd2 Qa4 21.exf7 e3 22.Bc3 h5
23.a3 Nf6 24.Rg5 d5 25.Qg3 e2 26.Rd3 Ne4 27.Re3  1-0

[Event "Moscow VDFSO"]
[Site "Moscow"]
[Date "1992.??.??"]
[Round "?"]
[White "Maljutin, Evgeni"]
[Black "Ivanov, V."]
[Result "1/2-1/2"]
[WhiteElo "2465"]
[BlackElo "2355"]

1.e4 d6 2.d4 g6 3.Nc3 Bg7 4.Be3 a6 5.h3 b5 6.g4 Bb7 7.Bg2 Nf6 8.Nge2 b4 9.Nd5 Nxd5
10.exd5 Nd7 11.c4 bxc3 12.bxc3 Nb6 13.c4 O-O 14.Rc1 a5 15.Nf4 Ba6 16.Bf1 c6
17.dxc6 d5 18.c7 Qd7 19.Nxd5 Nxd5 20.cxd5 Bxf1 21.Rxf1 Rfc8 22.Qc2 Qxd5 23.Ke2 Ra7
24.Qc4 Qd6 25.Qc6 Qxc6 26.Rxc6 Raxc7 27.Rc5 Rxc5 28.dxc5 f5 29.gxf5 gxf5
30.f4 Kf7 31.Rb1 Ke6 32.Rb5 Ra8 33.a4 Kd5 34.Kd3 Bf6 35.Bf2 Rg8 36.Rxa5 Rg2
37.Be3 Rg3 38.c6+ Kxc6 39.Rxf5 Rxh3 40.a5 Kb7 41.Ke4 h5 42.Bd4 Bxd4 43.Kxd4 Kc6
44.Ke4 h4 45.Re5 Kd6 46.Rd5+ Ke6 47.Re5+  1/2-1/2

[Event "Alekhine op"]
[Site "Moscow"]
[Date "1992.??.??"]
[Round "?"]
[White "Tseitlin, Mikhail S"]
[Black "Gurieli, Nino"]
[Result "1/2-1/2"]
[WhiteElo "2495"]
[BlackElo "2375"]

1.e4 g6 2.d4 Bg7 3.Nc3 d6 4.Be2 Nf6 5.Nf3 O-O 6.O-O c6 7.Re1 Nbd7 8.e5 dxe5
9.dxe5 Nd5 10.Nxd5 cxd5 11.Qxd5 Nxe5 12.Qxd8 Rxd8 13.Nxe5 Bxe5 14.c3 Rb8
15.Bg5 f6 16.Bc4+ Kg7 17.Be3 b5 18.Bb3 a5 19.f4 Bd6 20.Rad1 Bg4 21.Rd2 a4
22.Bd1 Be6 23.a3 Bc4 24.Bf3 Kf7 25.Kf2 Bc7 26.Red1 Rxd2+ 27.Rxd2 Rd8 28.Rxd8 Bxd8  1/2-1/2

[Event "Alekhine op"]
[Site "Moscow"]
[Date "1992.??.??"]
[Round "?"]
[White "Poluljahov, Aleksandr"]
[Black "Gurieli, Nino"]
[Result "1-0"]
[WhiteElo "2460"]
[BlackElo "2375"]

1.d4 d6 2.e4 g6 3.Nc3 Bg7 4.Be3 a6 5.a4 Nd7 6.f4 e5 7.dxe5 dxe5 8.f5 gxf5
9.exf5 Nh6 10.Qf3 Nf6 11.Bd3 Nhg4 12.Bc5 Bd7 13.O-O-O b6 14.Ba3 h5 15.h3 Nh6
16.Qg3 Nfg4 17.hxg4 Qg5+ 18.Kb1 Qxg4 19.Qf3 Qxf3 20.Nxf3 Nxf5 21.Be4 Rd8
22.Rxd7 Rxd7 23.Bxf5 Rd8 24.Bd3 f6 25.Nh4 Rd4 26.Nf5 Rg4 27.g3 Rg5 28.b3 Bf8
29.Bc1 Rg4 30.Be2 Rgg8 31.Ne4 Be7 32.Bxh5+ Kd7 33.Nxe7 Kxe7 34.g4 Rxg4 35.Nxf6 Kxf6
36.Rf1+ Rf4 37.Rxf4+ exf4 38.Bb2+ Kg5 39.Bxh8 Kxh5 40.Kc1 Kg4 41.Kd2 Kf3
42.Be5 c6 43.Bc7 b5 44.Kd3  1-0

[Event "Alekhine op"]
[Site "Moscow"]
[Date "1992.??.??"]
[Round "?"]
[White "Tseshkovsky, Vitaly"]
[Black "Gurieli, Nino"]
[Result "1-0"]
[WhiteElo "2510"]
[BlackElo "2375"]

1.e4 g6 2.d4 Bg7 3.Nc3 d6 4.f4 Nf6 5.Nf3 O-O 6.Bd3 Na6 7.O-O c5 8.d5 Bg4
9.Be2 Nc7 10.h3 Bxf3 11.Bxf3 b5 12.a4 b4 13.Ne2 Rb8 14.Be3 Nd7 15.Rb1 Nb6
16.b3 a5 17.h4 f5 18.h5 e6 19.dxe6 Nxe6 20.hxg6 hxg6 21.Qd2 Qc7 22.Rbd1 Rbd8
23.exf5 gxf5 24.c4 bxc3 25.Nxc3 Nd4 26.Nd5 Nxf3+ 27.Rxf3 Nxd5 28.Qxd5+ Qf7
29.Bf2 Rfe8 30.Rg3 Re4 31.Bxc5 Rxf4 32.Bxd6 Rg4 33.Rgd3 Bh6 34.Qxf7+ Kxf7
35.Bc7 Re8 36.Kf2 Reg8 37.Rd7+ Kg6 38.Bxa5 Kh5 39.Rh1+ Rh4 40.Rxh4+ Kxh4
41.Rh7 Kg5 42.Bd2+ f4 43.Bxf4+ Kxf4 44.Rxh6 Rb8 45.Rh4+ Kg5 46.Rh3 Kf4 47.b4 Rc8
48.Rf3+ Ke4 49.b5  1-0

[Event "Moscow Tal mem"]
[Site "Moscow"]
[Date "1992.??.??"]
[Round "?"]
[White "Nevostrujev, Vladimir"]
[Black "Belov, Igor"]
[Result "1/2-1/2"]
[WhiteElo "2450"]
[BlackElo "2440"]

1.e4 g6 2.d4 Bg7 3.Nc3 d6 4.Nf3 Nf6 5.g3 O-O 6.Bg2 Bg4 7.h3 Bxf3 8.Bxf3 Nc6
9.O-O Nd7 10.Ne2 e5 11.dxe5 Ncxe5 12.Bg2 Re8 13.c3 Nc5 14.Qc2 a5 15.Be3 c6
16.Rad1 Qe7 17.Rfe1 a4 18.Nd4 Qc7 19.f4 Nc4 20.Bf2 a3 21.b3 Nb2 22.Rd2 Re7
23.h4 Nd7 24.h5 Rae8 25.Bf3 Nf6 26.Kg2 Qc8 27.Rde2 Ng4 28.Bg1 Qd7 29.Qd2 Nf6
30.Nc2 d5 31.e5 Ne4 32.Bxe4 dxe4 33.Qxd7 Rxd7 34.Rxe4 Nd3 35.Rf1 f6 36.Rd4 Rxd4
37.cxd4 c5 38.Rf3 Nc1 39.hxg6 hxg6 40.Nxa3 Ra8 41.Nb5 Rxa2+ 42.Kf1 cxd4 43.Bxd4 fxe5
44.fxe5 Ne2 45.Bf2 Bxe5 46.Re3 Nc1 47.Rxe5 Rxf2+ 48.Kxf2 Nd3+ 49.Ke3 Nxe5
50.Nd6 b6 51.Ke4 Nd7 52.Kd5 Kf8 53.Kc6 Ke7 54.Nc8+ Ke6 55.Nxb6 Nf6 56.Nc4 Ne4
57.g4 Nc3 58.Kc5 Kf6 59.Kd4 Na2 60.Ne3 Kg5 61.Ke4 Nc1 62.b4 Na2  1/2-1/2

[Event "Moscow Tal mem"]
[Site "Moscow"]
[Date "1992.??.??"]
[Round "?"]
[White "Filipenko, Alexander V"]
[Black "Belov, Igor"]
[Result "1/2-1/2"]
[WhiteElo "2390"]
[BlackElo "2440"]

1.e4 g6 2.d4 Bg7 3.Nc3 d6 4.Bg5 c6 5.Qd2 b5 6.f4 Nd7 7.Nf3 b4 8.Nd1 Ngf6
9.Nf2 O-O 10.Bd3 Qb6 11.c4 h6 12.Bh4 e5 13.c5 Qb8 14.Bxf6 Nxf6 15.fxe5 dxe5
16.Nxe5 Qc7 17.O-O Be6 18.Qxb4 Nh5 19.Nf3 Qf4 20.Bc4 Rab8 21.Qc3 Bxc4 22.Qxc4 Rxb2
23.Rab1 Rxb1 24.Rxb1 g5 25.Qc1 Rd8 26.e5 Qf5 27.Rb4 Nf4 28.Qb2 g4 29.Nh4 Qg5
30.g3 Ne6 31.Qc3 Rxd4 32.Rxd4 Qxe5 33.Rd8+ Nxd8 34.Qxe5 Bxe5 35.Nxg4 Bd4+
36.Kf1 h5 37.Nf5 hxg4 38.Nxd4 Kg7 39.Nf5+ Kg6 40.Ne7+ Kf6 41.Nc8 Ke6 42.Nxa7 Kd7
43.Ke2 Ne6 44.Kd3 f5 45.Kc4 Kc7 46.a4 Ng5 47.Nb5+ cxb5+ 48.axb5 Nf3 49.Kd5 Nxh2
50.b6+ Kb7 51.Ke5 Nf1 52.Kxf5 Nxg3+ 53.Kxg4 Ne4  1/2-1/2

[Event "Alekhine op"]
[Site "Moscow"]
[Date "1992.??.??"]
[Round "?"]
[White "Gipslis, Aivars"]
[Black "Gurieli, Nino"]
[Result "1/2-1/2"]
[WhiteElo "2465"]
[BlackElo "2375"]

1.e4 g6 2.d4 Bg7 3.Nc3 d6 4.Be3 a6 5.a4 Nd7 6.Qd2 e5 7.Nf3 Ngf6 8.Bc4 O-O
9.O-O exd4 10.Bxd4 b6 11.Bd5 Rb8 12.Bc6 Bb7 13.Bxb7 Rxb7 14.Rad1 b5 15.axb5 axb5
16.Qd3 Re8 17.Rfe1 Qb8 18.Nd5 c5 19.Nxf6+  1/2-1/2

[Event "Munich op9192"]
[Site "Munich"]
[Date "1992.??.??"]
[Round "2"]
[White "Ankerst, Mihael"]
[Black "Van Wely, Loek"]
[Result "1-0"]
[WhiteElo "2195"]
[BlackElo "2475"]

1.e4 d6 2.d4 g6 3.Nc3 Bg7 4.f4 Nf6 5.Bc4 c6 6.e5 dxe5 7.fxe5 Nd5 8.Nxd5 cxd5
9.Bd3 Nc6 10.c3 O-O 11.Nf3 Bg4 12.O-O b5 13.a3 a5 14.Qe1 Qb6 15.Kh1 Bxf3
16.Rxf3 b4 17.Qh4 bxc3 18.bxc3 h5 19.Rb1 Qc7 20.g4 hxg4 21.Qxg4 Rab8 22.Rxb8 Qxb8
23.Bxg6 Qb3 24.Bh7+ Kxh7 25.Rh3+ Kg8 26.Rg3  1-0

[Event "Munich op9192"]
[Site "Munich"]
[Date "1992.??.??"]
[Round "4"]
[White "Mueller, Karsten"]
[Black "Van Wely, Loek"]
[Result "1-0"]
[WhiteElo "2425"]
[BlackElo "2475"]

1.e4 d6 2.d4 g6 3.Nc3 Bg7 4.Be3 a6 5.g3 b5 6.Bg2 Bb7 7.Nge2 b4 8.Nd5 a5 9.O-O Nd7
10.a3 c6 11.Ndf4 bxa3 12.Rxa3 Ngf6 13.Nd3 Nb6 14.b3 a4 15.c4 axb3 16.Rxb3 Ba6
17.e5 Nfd7 18.Bxc6 O-O 19.Bxa8 Qxa8 20.exd6 exd6 21.c5 Nc4 22.cxd6 Re8 23.Nb4 Bb5
24.Nd5 Nxe3 25.Rxe3 Rxe3 26.Nxe3 Qa6 27.Re1 Qxd6 28.Nc3 Bc6 29.Nc4 Qb4 30.Qd3 h5
31.Rb1 Qe7 32.Qe3 Qf6 33.d5 Ba8 34.Qe8+ Kh7 35.Ne4 Qf5 36.Ncd6 Qxd5 37.Qxd7 Qd3
38.Ng5+  1-0

[Event "Munich op9192"]
[Site "Munich"]
[Date "1992.??.??"]
[Round "4"]
[White "Kostic, Vladimir"]
[Black "Bischoff, Klaus"]
[Result "0-1"]
[WhiteElo "2390"]
[BlackElo "2510"]

1.d4 g6 2.e4 d6 3.Nc3 Bg7 4.g3 Nf6 5.Bg2 O-O 6.Nge2 e5 7.h3 Re8 8.O-O c6
9.a4 Na6 10.Bg5 Nb4 11.a5 h6 12.Be3 exd4 13.Bxd4 Be6 14.Re1 d5 15.Ra4 Bf8
16.exd5 Nfxd5 17.Ne4 Bf5 18.f3 Na6 19.Nf4 Nac7 20.Bf2 Nxf4 21.Qxd8 Rexd8
22.gxf4 Nd5 23.Bg3 h5 24.c3 Bh6 25.Bh4 Rd7 26.Bg5 Kg7 27.Nc5 Rc7 28.Rd4 b6
29.Na6 Rb7 30.c4 Bxg5 31.fxg5 Ne7 32.f4 Be6 33.b3 Nf5 34.Rdd1 Rc8 35.axb6 axb6
36.Nb4 Rbc7 37.Rd3 c5 38.Nd5 Bxd5 39.cxd5 Nd6 40.Ra1 c4 41.bxc4 Rxc4 42.Rb3 b5
43.Ra6 Rd8 44.Rf3 Nf5 45.Rd3 Rxf4 46.d6 Nd4 47.Re3 Ne6 48.Re5 b4 49.Bd5 Nc5
50.Ra8 Rxa8 51.Bxa8 Rf5 52.Re7 Rxg5+ 53.Kh2 Kf6 54.Re1 Re5 55.Rd1 Ne6 56.Bd5 Nd8
57.Rd3 Re2+ 58.Kg3 Ke5 59.Bb3 Ke4 60.Rf3 h4+  0-1